000 00436nam a2200181Ia 4500
005 20250603145054.0
008 250603s9999 xx 000 0 und d
020 _a9781449340131
050 _aQA 76.73.J39 .F74/
100 _aFreeman, Eric
245 0 _aHead first javascript programming : a brain friendly guide
260 _aUSA
260 _bO’reilly
260 _c2014
300 _a661 p
650 _aUSA
942 _cBK
999 _c40785
_d40785